Normal view
MARC view
Entry Personal Name
001 - CONTROL NUMBER
- control field: 793
003 - CONTROL NUMBER IDENTIFIER
- control field: BD-RjUL
005 - DATE AND TIME OF LATEST TRANSACTION
- control field: 20220118123348.0
008 - FIXED-LENGTH DATA ELEMENTS
- fixed length control field: 220118|| aca||aabn | a|a d
040 ## - CATALOGING SOURCE
- Original cataloging agency: BD-RjUL
- Transcribing agency: BD-RjUL
100 ## - HEADING--PERSONAL NAME
- Personal name: পিন্টু আমিনুর রশীদ
670 ## - SOURCE DATA FOUND
- Source citation: Work cat.: (BD-RjUL)65240: ধন্য সেই পুরুষ /, ১৯৯৬ [মুদ্রণ ২০১৭]